Los costos de la política : del centenario al primer peronismo /

Guardado en:
Formato: Libro
Publicado: Buenos Aires : Imago Mundi, 2014
Materias:
Etiquetas: Agregar Etiqueta
Sin Etiquetas, Sea el primero en etiquetar este registro!
LEADER 00732nam a22002055a 4500
001 EHU.bham043021
003 AR-BHAM
005 20141203131129.0
008 130507s2014##################000#0#####d
020 |a 9789507931642 
082 3 2 |a 320.982 
245 0 0 |a Los costos de la política :  |b del centenario al primer peronismo /  |c  Comp. Por Diego Mauro Y Leandro Lichtmajer 
260 |a Buenos Aires :  |b Imago Mundi,  |c 2014 
300 |a 130 p. 
653 |a Historia argentina-provincias-1907-1930 
653 |a Santa fe-historia-provincia de 
653 |a Política argentina contemporánea-partidos políticos 
653 |a Unión cívica radical 
653 |a Peronismo 
859 |a AR-BHAM  |b BIB. HUMANIDADES - General  |h 320.982  |i C674  |p 548.14  |t Ej.1